000 00416nam a2200193Ia 4500
008 101110s9999 xx 000 0 und d
041 _aENGLISH
082 _bSR5306
_a820
100 _aForeign Bible Society
245 _aHoly Bible
365 _b1
520 _aEnglish
546 _aENGLISH
630 _aHoly Bible
650 _aEnglish
655 _aEnglish
730 _aHoly Bible
942 _cBOOK
999 _c801370
_d801367